Bundesligaspieler - Namen verbinden - Statistiken

Allgemein
  • Dieses Quiz wurde 123 mal gespielt
  • Das Durchschnittsergebnis liegt bei 15 aus 18
Antwortstatistiken
Hint Antwort % Korrekt
Schlotter beck
97%
Bau mann
93%
Stani sic
93%
Egge stein
92%
Demiro vic
92%
van den Berg
91%
Gri maldo
88%
Lars son
87%
Lind ström
87%
Zivzi vadze
83%
Mban gula
79%
Fuj ita
79%
Kem lein
77%
Hono rat
77%
Gian noulis
73%
Mu heim
70%
Ra um
67%
Sa no
60%
Keine übereinstimmenden Quizze gefunden
Verteilung der Resultate
Anzahl Personen mit jedem Resultat
Perzentil nach korrekt beantworteten Fragen
Ihre Resultats-Entwicklung
Sie haben dieses Quiz noch nicht gespielt